Statistics for Countries that Start with M - Shape Quiz

Click here to take the quiz!

General Stats

  • This quiz has been taken 4,036 times
    (3,577 since last reset)
  • The average score is 14 of 17

Answer Stats

Country% Correct
Mexico
98%
Morocco
93%
Mali
92%
Madagascar
90%
Myanmar
89%
Mongolia
88%
Mauritania
87%
Mozambique
86%
Malaysia
83%
Maldives
83%
Malawi
81%
Monaco
79%
Moldova
78%
Marshall Islands
75%
Montenegro
70%
Malta
69%
Mauritius
64%

Score Distribution

Percentile by Number Answered

Percent of People with Each Score

Your Score History

You have not taken this quiz since the last reset